1495 1873 1244 1442 1551 1981 1833 1154 1018 1287 1248 1948 1232 1873 1486 1204 1197 1560 1396 1459 1034 1050 1362 1015 1651 1644 1074 1980 1136 1697 1223 1603 1979 1863 1164 1322 1761 1067 1577 1504 1385 1127 1739 1765 1959 1498 1364 1602 1264 1718 1787 1627 1412 1671 1777 1217 1322 1620 1451 1937 1847 1591 1536 1553 1658 1227 1310 1993 1549 1713 1839 1486 1273 1222 1491 1133 1594 1549 1917 1929 1372 1019 1010 1406 1676 1886 1047 1675 1478 1044 1056 1308 1902 1781 1958 1394 1866 1013 1426 BCNSPRNW ULIB Ver.6.0+V

เปลี่ยนเป็นภาษาไทย

Change to English
 แสดงรายละเอียดบรรณานุกรม
  กลับหน้าหลัก

Brief Record : Get Marc (ISO 2709) : E-mail record : QR code < ปิดหน้าต่าง
LEADER : 00000nam 2200000uu 4500
001    13399123330
003     ULIB
008    140822s2556||||th 000 0 tha d
050  4 ^aDS578.32.K35^bร417
245 00 ^aราชนครินทรานิทรรศน์ 9 ทศวรรษ พระดำรัสสร้างคน /^cโดยชมรมส่งเสริมการเรียนรู้เพื่อพัฒนาเยาวชน (องค์กรสาธารณประโยชน์)
250    ^aพิมพ์ครั้งที่ 1
260    ^aกรุงเทพฯ :^bจรัลสนิทวงศ์การพิมพ์,^c2556
300    ^a127 หน้า :^bภาพประกอบ ;^c23 ซม.
500    ^aจัดพิมพ์เพื่อเฉลิมพระเกียรติและระลึกในพระกรุณาธิคุณ สมเด็จพระเจ้าพี่นางเธอเจ้าฟ้ากัลยาณิวัฒนา กรมหลวงนราธิวาสราชนครินทร์เนื่องในอภิลักขิตสมัยบรรจบ 90 ปี วันประสูติ วันที่ 6 พฤษภาคม พุทธศักราช2556
600 04 ^aกัลยาณิวัฒนา กรมหลวงนราธิวาสราชนครินทร์,^cสมเด็จพระเจ้าพี่นางเธอเจ้าฟ้า,^d2466-2551
600 04 ^aกัลยาณิวัฒนา กรมหลวงนราธิวาสราชนครินทร์,^cสมเด็จพระเจ้าพี่นางเธอเจ้าฟ้า,^d2466-2551^xพระราชดำรัส
710 2  ^aชมรมส่งเสริมการเรียนรู้เพื่อพัฒนาเยาวชน (องค์กรสาธารณประโยชน์)
945    ^p0^l0^i034632
999    ^aเกษร โพธิ์สุวรรณ
รายการนี้ยังไม่มีแท็ก
คุณยังไม่ได้ล็อกอิน คุณสามารถมีกิจกรรมร่วมกับเว็บไซต์ได้ แต่ต้องล็อกอินก่อน ::
  ล็อกอิน

รายการสื่อสารสนเทศ

ลำดับที่ ประเภท เลขเรียก/บาร์โค้ด สถานที่ สถานะ
1. การศึกษาทั่วไป
การศึกษาทั่วไป
DS578.32.K35 ร417 ฉ.1 
  Barcode: 034632
ห้องสมุดวิทยาเขตสวรรค์ประชารักษ์
►หนังสือทั่วไป
บนชั้น

BibComment


ยังไม่เคยถูกคอมเมนท์

คอมเมนท์ทรัพยากรรายการนี้
  คอมเมนท์: ราชนครินทรานิทรร..


 Copyright 2026. Bcnsprnw @Library